Ventaja competitiva: creación y sostenimiento de un desempeño superior (Registro nro. 9848)

Detalles MARC
000 -Cabecera
Campo de control de longitud fija 01456aam a2200457 4500
005 - Fecha y hora de la última transacción
Campo de control 20250519140647.0
008 - Elementos de longitud fija--Información general
Campo de control de longitud fija 150721b2002 xxu||||| |||| 00| 0 spa d
020 ## - International Standard Book Number
Número Internacional Estándar del Libro (ISBN) 9789702402039
041 ## - Idioma
Código de idioma
082 ## - Clasificación Decimal Dewey
Número de clasificación 658.401.2 P844v
100 ## - Entrada principal--Autor personal
Nombre personal Porter, Michael
9 (RLIN) 16349
245 ## - Título propiamente dicho
Título Ventaja competitiva: creación y sostenimiento de un desempeño superior
260 ## - Pie de imprenta
Lugar de publicación, distribución, etc. México
260 ## - Pie de imprenta
Nombre del editor, distribuidor, etc. Grupo editorial Patria
260 ## - Pie de imprenta
Fecha de publicación, distribución, etc. 2002
300 ## - Descripción física
Extensión 556 páginas
650 ## - Materia general
Temática (materia general) PLANIFICACIÓN Y ELABORACIÓN DE POLÍTICAS
650 ## - Materia general
Temática (materia general) ADMINISTRACIÓN ESTRATÉGICA
650 ## - Materia general
Temática (materia general) ESTRATEGIAS GENÉRICAS
650 ## - Materia general
Temática (materia general) ESTRATEGIA COMPETITIVA
650 ## - Materia general
Temática (materia general) VENTAJA EN COSTOS
650 ## - Materia general
Temática (materia general) DIFERENCIACIÓN
650 ## - Materia general
Temática (materia general) ADMINISTRACIÓN DE EMPRESAS
650 ## - Materia general
Temática (materia general) TECNOLOGÍA Y LA VENTAJA COMPETITIVA
650 ## - Materia general
Temática (materia general) INNOVACIÓN
650 ## - Materia general
Temática (materia general) SELECCIÓN DE COMPETIDORES
650 ## - Materia general
Temática (materia general) SEGMENTACIÓN DE LA INDUSTRIA
650 ## - Materia general
Temática (materia general) SUSTITUCIÓN
650 ## - Materia general
Temática (materia general) ECOLOGÍA INDUSTRIAL
650 ## - Materia general
Temática (materia general) INTERRELACIONES ENTRE LAS UNIDADES DE NEGOCIOS
650 ## - Materia general
Temática (materia general) ESTRATEGIA HORIZONTAL
650 ## - Materia general
Temática (materia general) CREACIÓN DE INTERRELACIONES
650 ## - Materia general
Temática (materia general) PRODUCTOS COMPLEMENTARIOS Y VENTAJA COMPETITIVA
650 ## - Materia general
Temática (materia general) ESCENARIOS INDUSTRIALES
650 ## - Materia general
Temática (materia general) ESTRATEGIA DEFENSIVA
650 ## - Materia general
Temática (materia general) VENTAJA COMPETITIVA
650 ## - Materia general
Temática (materia general) INNOVACIÓN TECNOLÓGICA
650 ## - Materia general
Temática (materia general) GLOBALIZACIÓN
650 ## - Materia general
Temática (materia general) ATACAR AL LÍDER DE LA INSDUTRIA
942 ## - Punto de acceso adicional KOHA
Tipo de ítem KOHA Libro
Fuente del sistema de clasificación o colocación Dewey Decimal Classification
Existencias
Signatura completa Código de barras Tipo de ítem
658.401.2 P844v 22668 Libro